UBT Library

Fundamentals of Nursing: (Record no. 1436)

000 -LEADER
fixed length control field 00317nam a22001217a 4500
008 - FIXED-LENGTH DATA ELEMENTS--GENERAL INFORMATION
fixed length control field 160419b xxu||||| |||| 00| 0 eng d
020 ## - INTERNATIONAL STANDARD BOOK NUMBER
International Standard Book Number 9780130455291
020 ## - INTERNATIONAL STANDARD BOOK NUMBER
International Standard Book Number 78013455291
041 ## - LANGUAGE CODE
Language code of text/sound track or separate title eng
080 ## - UNIVERSAL DECIMAL CLASSIFICATION NUMBER
Universal Decimal Classification number 618.6
245 ## - TITLE STATEMENT
Title Fundamentals of Nursing:
Statement of responsibility, etc Barbara Kozier' Glenora Erb ' Audrey Berman'
942 ## - ADDED ENTRY ELEMENTS (KOHA)
Source of classification or shelving scheme
Item type Books
Holdings
Withdrawn status Lost status Source of classification or shelving scheme Damaged status Not for loan Collection code Permanent location Current location Shelving location Date acquired Total Checkouts Full call number Barcode Date last seen Price effective from Koha item type
          Koleksioni i përgjithshem UBT - Lipjan UBT - Lipjan Koleksioni i përgjithshem 04/19/2016   618.2 KOZ 002-027710 12/29/2016 04/19/2016 Books
          Koleksioni i përgjithshem UBT - Lipjan UBT - Lipjan Koleksioni i përgjithshem 01/10/2017   618.2 KOZ 002-029574 01/10/2017 01/10/2017 Books
          Koleksioni i përgjithshem UBT - Lipjan UBT - Lipjan Koleksioni i përgjithshem 01/19/2017   618.2 KOZ 002-036314 01/19/2017 01/19/2017 Books
          Koleksioni i përgjithshem UBT - Lipjan UBT - Lipjan Koleksioni i përgjithshem 03/01/2021   610.73 KOZ 002-6000798 03/01/2021 03/01/2021 Books
UBT Library © 2015-2024. All rights reserved University Education for Business and Technology